Digital control systems : (Record no. 3936)
[ view plain ]
| 000 -LEADER | |
|---|---|
| fixed length control field | 00884cam a22002894a 4500 |
| 001 - CONTROL NUMBER | |
| control field | 14066938 |
| 003 - CONTROL NUMBER IDENTIFIER | |
| control field | OSt |
| 005 - DATE AND TIME OF LATEST TRANSACTION | |
| control field | 20161010183301.0 |
| 008 - FIXED-LENGTH DATA ELEMENTS--GENERAL INFORMATION | |
| fixed length control field | 050808s2005 enka b 001 0 eng |
| 010 ## - LIBRARY OF CONGRESS CONTROL NUMBER | |
| LC control number | 2005931921 |
| 020 ## - INTERNATIONAL STANDARD BOOK NUMBER | |
| International Standard Book Number | 9781846280559 |
| 020 ## - INTERNATIONAL STANDARD BOOK NUMBER | |
| International Standard Book Number | 1846280559 |
| 040 ## - CATALOGING SOURCE | |
| Original cataloging agency | DLC |
| Transcribing agency | DLC |
| Modifying agency | DLC |
| 042 ## - AUTHENTICATION CODE | |
| Authentication code | pcc |
| 050 00 - LIBRARY OF CONGRESS CALL NUMBER | |
| Classification number | TJ223.M53 |
| Item number | L36 2006 |
| 082 00 - DEWEY DECIMAL CLASSIFICATION NUMBER | |
| Classification number | 005.72 |
| Edition number | 22 |
| Item number | LAN 2006 |
| 100 1# - MAIN ENTRY--PERSONAL NAME | |
| Personal name | Landau, Ioan D.; Zito, Gianluca. |
| 9 (RLIN) | 8623 |
| 245 10 - TITLE STATEMENT | |
| Title | Digital control systems : |
| Remainder of title | design, identification and implementation |
| 250 ## - EDITION STATEMENT | |
| Edition statement | 1st ed. |
| 260 ## - PUBLICATION, DISTRIBUTION, ETC. (IMPRINT) | |
| Place of publication, distribution, etc. | New York; |
| Name of publisher, distributor, etc. | Springer, |
| Date of publication, distribution, etc. | 2006. |
| 300 ## - PHYSICAL DESCRIPTION | |
| Extent | xxiv, 484 p. : |
| Other physical details | ill. ; |
| Dimensions | 24 cm. |
| 440 #0 - SERIES STATEMENT/ADDED ENTRY--TITLE | |
| Title | Communications and control engineering |
| 9 (RLIN) | 8624 |
| 504 ## - BIBLIOGRAPHY, ETC. NOTE | |
| Bibliography, etc | Includes bibliographical references and index. |
| 650 #0 - SUBJECT ADDED ENTRY--TOPICAL TERM | |
| Topical term or geographic name as entry element | Digital systems |
| 9 (RLIN) | 8625 |
| 906 ## - LOCAL DATA ELEMENT F, LDF (RLIN) | |
| a | 7 |
| b | cbc |
| c | orignew |
| d | 2 |
| e | epcn |
| f | 20 |
| g | y-gencatlg |
| 942 ## - ADDED ENTRY ELEMENTS (KOHA) | |
| Source of classification or shelving scheme | Dewey Decimal Classification |
| Koha item type | Short Loan |
| Withdrawn status | Lost status | Source of classification or shelving scheme | Damaged status | Not for loan | Home library | Current library | Date acquired | Source of acquisition | Inventory number | Total Checkouts | Full call number | Barcode | Date last seen | Koha item type | Price effective from | Copy number |
|---|---|---|---|---|---|---|---|---|---|---|---|---|---|---|---|---|
| Dewey Decimal Classification | MUST Main Library | MUST Main Library | 10/05/2016 | 11/34353 | 005.72 LAN 2006 | 2016-1693 | 10/05/2016 | Short Loan | ||||||||
| Dewey Decimal Classification | Main Kihumuro Campus | Main Kihumuro Campus | 07/09/2016 | Purchase | 11/34104 | 005.72 LAN 2006 | 20/04/2023 | Open Shelf | 20/04/2023 | |||||||
| Dewey Decimal Classification | Main Kihumuro Campus | Main Kihumuro Campus | 20/04/2023 | Purchase | 11/34105 | 2023-0474 | 20/04/2023 | Open Shelf | 20/04/2023 | 2023-0474 | ||||||
| Dewey Decimal Classification | Main Kihumuro Campus | Main Kihumuro Campus | 20/04/2023 | Purchase | 11/34103 | 2023-0475 | 20/04/2023 | Open Shelf | 20/04/2023 | 2023-0475 |
